000 01216cam a22002771i 4500
003 SA-RiAUC
005 20251006093343.0
008 250723s2002 ||| g 000 0 ara c
040 _aSA-JeALM
_bara
_cSA-RiAUC
_erda
082 0 4 _a260
090 _a260
_bش ر ن
100 1 _aالشرنوبي، عبد المجيد إبراهيم،
_dتوفي 1348 هجري
_eمؤلف.
245 1 0 _aشرح حكم الإمام ابن عطاء الله السكندري /
_cعبد المجيد الشرنوبي ؛ تحقيق عبد الفتاح البزم.
250 _aالطبعة الثامنة.
264 1 _a[مكان النشر غير محدد] :
_bدار ابن كثير،
_c2002
300 _a334 صفحة
_c24 سم.
336 _aنص
_btxt
_2rdacontent
_3كتاب
337 _aبدون وسيط
_bn
_2rdamedia
338 _aمجلد
_bnc
_2rdacarrier
650 7 _aالتصوف الإسلامي
_2aucsh
700 1 _aالبزم، عبد الفتاح،
_d1943-
_eمحقق.
700 1 2 _aابن عطاء الله الإسكندري، أحمد بن محمد بن عبد الكريم،
_d658-709 هجري
740 2 2 _aالحكم العطائية.
942 _2ddc
_cBOOK
_n0
949 _aSA-JeALM
_d250723
_uosman123
_n1
999 _c12433
_d12433